The Christian in today's society : (Record no. 4479)
[ view plain ]
| 000 -LEADER | |
|---|---|
| fixed length control field | 00846nam a2200277 a 4500 |
| 001 - CONTROL NUMBER | |
| control field | 127964 |
| 003 - CONTROL NUMBER IDENTIFIER | |
| control field | GBCCL |
| 005 - DATE AND TIME OF LATEST TRANSACTION | |
| control field | 20241126110519.0 |
| 008 - FIXED-LENGTH DATA ELEMENTS--GENERAL INFORMATION | |
| fixed length control field | 780515s1977 ilu 000 0 eng d |
| 010 ## - | |
| -- | 76047302 |
| 020 ## - INTERNATIONAL STANDARD BOOK NUMBER | |
| International Standard Book Number | 0842302387 |
| 020 ## - INTERNATIONAL STANDARD BOOK NUMBER | |
| International Standard Book Number | 9780842302388 |
| 035 ## - SYSTEM CONTROL NUMBER | |
| System control number | (OCoLC)ocm03895071 |
| 035 ## - SYSTEM CONTROL NUMBER | |
| System control number | (OCoLC)3895071 |
| 040 ## - CATALOGING SOURCE | |
| Original cataloging agency | EXC |
| Transcribing agency | EXC |
| Modifying agency | LBB |
| 049 ## - | |
| -- | LBBK |
| 050 #4 - | |
| -- | BS2725.5 |
| -- | .S64 |
| 082 0# - DEWEY DECIMAL CLASSIFICATION NUMBER | |
| Classification number | 227.81007 |
| Item number | SOU |
| 090 ## - LOCALLY ASSIGNED LC-TYPE CALL NUMBER (OCLC); LOCAL CALL NUMBER (RLIN) | |
| Classification number (OCLC) (R) ; Classification number, CALL (RLIN) (NR) | BS2725.5 |
| Local cutter number (OCLC) ; Book number/undivided call number, CALL (RLIN) | .S64 1977 |
| 100 1# - MAIN ENTRY--PERSONAL NAME | |
| Personal name | Souter, John C. |
| 9 (RLIN) | 8348 |
| 245 14 - TITLE STATEMENT | |
| Title | The Christian in today's society : |
| Remainder of title | living Bible studies in Thessalonians / |
| Statement of responsibility, etc. | John C. Souter. |
| 260 ## - PUBLICATION, DISTRIBUTION, ETC. | |
| Place of publication, distribution, etc. | Wheaton, Ill. : |
| Name of publisher, distributor, etc. | Tyndale House ; |
| Place of publication, distribution, etc. | Eastbourne [Eng.] : |
| Name of publisher, distributor, etc. | Coverdale House, |
| Date of publication, distribution, etc. | 1977. |
| 300 ## - PHYSICAL DESCRIPTION | |
| Extent | 172 p. ; |
| Dimensions | 22 cm. |
| 630 00 - SUBJECT ADDED ENTRY--UNIFORM TITLE | |
| Uniform title | Bible. |
| Name of part/section of a work | N.T. |
| -- | Thessalonians |
| General subdivision | Study and teaching. |
| 9 (RLIN) | 8349 |
| 942 ## - ADDED ENTRY ELEMENTS (KOHA) | |
| Source of classification or shelving scheme | Dewey Decimal Classification |
| Koha item type | Books |
| Koha issues (borrowed), all copies | 2 |
| Withdrawn status | Lost status | Source of classification or shelving scheme | Damaged status | Not for loan | Home library | Current Library | Shelving location | Date acquired | Total checkouts | Full call number | Barcode | Date last seen | Date last checked out | Copy number | Price effective from | Koha item type |
|---|---|---|---|---|---|---|---|---|---|---|---|---|---|---|---|---|
| Dewey Decimal Classification | GRACE BIBLE COLLEGE | GRACE BIBLE COLLEGE | Biblical Studies | 2018-01-22 | 3 | 227.81007 SOU | 002413 | 2025-09-09 | 2025-09-04 | c.1 | 2018-01-22 | Books |